000
00340 a2200169 4500
001
186776
020
_a
85-262-3878-7
040
_c
Magnum
100
_a
Clément, Claude
240
1
0
_a
Vovó luci
_l
por
245
1
0
_a
Vovó luci
300
_a
30
362
0
_a
2001
440
1
_a
Scipione
697
_a
LITERATURA INFANTO
942
_c
BK
999
_c
186776
_d
186776